000 00531nam a2200229Ia 4500
003 OSt
005 20221007082544.0
006 a|||||r|||| 00| 0
007 ta
008 221006b |||||||| |||| 00| 0 eng d
024 _a21,144
037 _cTextual
040 _aFLL
_cFLL
_beng
041 _2eng
_aeng
082 _aZ,91, K6
100 _aSalmond M.P.
_9699155
245 0 _aJurisprudence
250 _a12th
260 _c1966
942 _hZ,91, K6
_cTEXL
_2CC
999 _c1166841
_d1166841